00577nam a2200169 i 450000100060000000300090000600500170001500700030003200800410003510000400007624500390011626000600015530000210021585200320023699900170026895201220028562830ES-MaACL20230906164733.0t|031126s1967 sp ||||1| spa d1 aFernández Molina, Antonio.94993213aLa tienda ausente / cA.F. Molina. aBilbao : bComunicación Literaria de Autores, c1967. a66 p. ; c22 cm. aES-MaACLjC-33271 bR.63737 c62830d62830 00104070aATENEOMbATENEOMcDEPO2d2008-01-17eSCl0oC-33271p1065868r2023-02-23 00:00:00w2023-02-23yMONOGRAFIA